000 00590nam a2200217Ia 4500
005 20241129110241.0
008 241129s9999||||xx |||||||||||||| ||und||
020 _a978-93-5156-036-4
037 _aTB
040 _aARTS
_beng
_cARTS
041 _aeng
_2urd
084 _aO168,1N79x Q4
_qARTS
100 _aNadim Ahmad Au.
_9727575
245 0 _aGhazal-e-shab
_cNadim Ahmad Au.
260 _aKolkata, India
_bKolkata Rahrawan-e-adab
_c2017
300 _a294p.
365 _aINR
_b200
650 _aUrdu Poetry
942 _cTB
_hO168,1N79x Q4
999 _c1227893
_d1227893